00590nam a22001697a 450000500170000001000150001702000260003203500140005803700090007208200130008110000210009424501090011525000060022426000580023027001130028830000190040120250626173023.0 aENG-145584 c200.00a9789386501639 aEN-129116 bDBAD a005.121 aKanna, B. Rajesh aDevelopment OF Hypergraph Based Tenhniques for Selected Image Engineering Applications/cB. Rajesh Kanna a1 bArchers & Elevators Publishing HouseaBangalorec2018 a131 AGB Lay Out, 6"Cross, Hesaraghatta,Main RoadbBangaloree560090k9164362263marcherselevators@gamail.com a87p.c23cm(pb)